Bősön szórólapokat is osztanak

Bibliographic Details
Main Author: (béva) (Author)
Format: Article
Language:Hungarian
ISSN:1335-7050
Subjects:

MARC

LEADER 00000nab a2200000 4500
001 vtls011969647
003 SK-MaSNL
005 20260318121738.0
008 200527|20200321xo |||| || ||00 0|hun
015 |a SNBRB2020/03 
038 |a DSZK 
040 |a DSZK  |b slo  |c DSZK  |e rda 
041 |a hun 
043 |a e-xo--- 
044 |a xo  |c SK 
072 7 |a 352/354  |x Stupne miestnej, oblastnej a ústrednej správy  |2 konspekt 
072 7 |a a 616  |x Patológia. Klinická medicína  |2 konspekt 
080 |a 352  |x (437.612)  |2 2011  |a 616.9  |2 2011 
080 |a 616.9  |2 2011 
100 1 |a (béva)  |4 aut  |9 1086732 
245 1 0 |a Bősön szórólapokat is osztanak  |c [szerző] (béva) 
336 |a text  |b txt  |2 rdacontent 
337 |a bez média  |b n  |2 rdamedia 
338 |a zväzok  |b nc  |2 rdacarrier 
610 1 7 |a Gabčíkovo (Slovensko).  |b Mestské zastupiteľstvo  |2 dszk  |9 223027 
650 0 7 |a koronavírusy  |2 SNKPH  |9 84342 
650 0 7 |a COVID-19  |2 dszk  |9 201532 
650 0 7 |a pandémie  |2 dszk  |9 59320 
650 0 7 |a opatrenia  |2 dszk  |9 373813 
651 7 |a Gabčíkovo (Slovensko)  |2 SNKPHgeo  |9 23512 
773 0 |t Új szó  |g Évf. 73, sz. 68 (2020.3.21), o. 6  |x 1335-7050 
958 |a SK 
958 |a HU 
958 |a RG 
999 |c 3244297  |d 3246227